header

Fast facts (Record no. 220997)

MARC details
000 -LEADER
fixed length control field 01220nam a2200325 a 4500
100 1# - MAIN ENTRY--AUTHOR NAME
Personal name Price, Christopher J.
245 10 - TITLE STATEMENT
Title Fast facts
250 ## - EDITION STATEMENT
Edition statement 2nd ed.
260 ## - PUBLICATION, DISTRIBUTION, ETC. (IMPRINT)
Place of publication Abingdon, Oxford :
Name of publisher Health Press Ltd.,
Year of publication 2008.
300 ## - PHYSICAL DESCRIPTION
Number of Pages 118 p. :
Other physical details col. ill., col. ports.
490 1# - SERIES STATEMENT
Series statement Fast facts
650 #0 - SUBJECT ADDED ENTRY--TOPICAL TERM
Topical Term Surgery, Minor.
700 1# - ADDED ENTRY--PERSONAL NAME
Personal name Sinclair, Rodney.
856 40 - ELECTRONIC LOCATION AND ACCESS
Uniform Resource Identifier http://site.ebrary.com/lib/rucke/Doc?id=10480462

No items available.

© 2026 Rongo University
Contact us: librarian | system librarian | Rongo university